00463 2200193 4500245004200000020001800042250001100060100002200071700001200093700002000105650001700125005001900142260004100161041001400202084001300216300002000229336000900249338001100258 aAi's TroublecFukushima, HarukahText a979-20-7480-5 aCet. 1 aFukushima, Haruka aBinarti aIida V. Siregar aKomik Jepang a20230202105108 aJakartabElex Media Komputindoc2005 aIndonesia a741.5592 ailus. :c17 cm. atext avolume